Nuclear bhautikam - Part - I (Record no. 31322)
[ view plain ]
| 000 -LEADER | |
|---|---|
| fixed length control field | 01314nam a2200157Ia 4500 |
| 008 - FIXED-LENGTH DATA ELEMENTS--GENERAL INFORMATION | |
| fixed length control field | 210323s9999||||xx |||||||||||||| ||und|| |
| 040 ## - CATALOGING SOURCE | |
| Transcribing agency | STCPL |
| 082 ## - DEWEY DECIMAL CLASSIFICATION NUMBER | |
| Classification number | 539.6 |
| Item number | KAP-N |
| 100 ## - MAIN ENTRY--PERSONAL NAME | |
| Personal name | കപ്ലാന് ഇര്വിംഗ് |
| 245 #0 - TITLE STATEMENT | |
| Title | Nuclear bhautikam - Part - I |
| Title in other language | ന്യൂക്ലിയര്ഭൗതികം - ഭാഗം - 1 |
| 260 ## - PUBLICATION, DISTRIBUTION, ETC. | |
| Place of publication, distribution, etc. | Thiruvananthapuram |
| Name of publisher, distributor, etc. | Kerala Bhasha Institute |
| Date of publication, distribution, etc. | 1976 |
| 300 ## - PHYSICAL DESCRIPTION | |
| Extent | 1-xiii, 1-257 |
| 650 ## - SUBJECT ADDED ENTRY--TOPICAL TERM | |
| Topical term or geographic name entry element | Modern PhysicsMolecular Physicsമുസ്ലിംങ്ങള് ആഫ്റിക്കയില്, സ്പെയിന് അറബ് ആധിപത്യത്തിന് മുന്പ്, സ്പെയിനില് മുസ്ലിംങ്ങള് സൃഷ്ടിച്ച സാമൂഹ്യവിപ്ലവം, മൂസയുടെ ദുര്വിധി, ഉമവയാഭരണം, ഉമവിയാഭരണത്തില് സ്പെയിനിന്റെ പുരോഗതി, ഉമവിയാഭരണത്തിന്റെ പതനം, ബന്നൂഹമൂദ്ഭരണം, മുറാബിത്ഭരണം, ഗ്രാനഡയുടെ പതനം, സിസിലിയിലെ മൂസ്ലിംഭരണം |
| 942 ## - ADDED ENTRY ELEMENTS (KOHA) | |
| Koha item type | Books |
| 041 ## - LANGUAGE CODE | |
| Language code of original | Malayalam |
| Withdrawn status | Lost status | Damaged status | Not for loan | Home library | Current library | Shelving location | Date acquired | Cost, normal purchase price | Total Checkouts | Full call number | Barcode | Date last seen | Price effective from | Koha item type |
|---|---|---|---|---|---|---|---|---|---|---|---|---|---|---|
| ST. THOMAS COLLEGE LIBRARY, PALAI | ST. THOMAS COLLEGE LIBRARY, PALAI | 2021-07-10 | 8.00 | 539.6 KAP-N | 43883 | 2021-07-10 | 2021-07-10 | Books |
